Detalles MARC
| 000 -LÍDER |
| Campo fijo de descripción fija |
01934aam a2200337 i 4500 |
| 001 - NÚMERO DE CONTROL |
| Campo de control |
768714001 |
| 003 - IDENTIFICADOR DEL NÚMERO DE CONTROL |
| Campo de control |
CO-MdFUSB |
| 005 - FECHA Y HORA DE LA ULTIMA TRANSACCIÓN |
| control field |
20201027160120.0 |
| 007 - CAMPO FIJO DE DESCRIPCIÓN FIJA--INFORMACIÓN GENERAL |
| Campo fijo de descripción fija |
ta |
| 008 - ELEMENTOS DE LONGITUD FIJA -- INFORMACIÓN GENERAL |
| Campo fijo de descripción fija -- Información general |
200518t1997 enka|||| |||| 00| 0 eng d |
| 020 ## - NÚMERO INTERNACIONAL NORMALIZADO PARA LIBROS |
| Número Internacional Normalizado del libro |
0859915166 |
| 040 ## - FUENTE DE CATALOGACIÓN |
| Idioma de catalogación |
spa. |
| Agencia de catalogación original |
CO-MdFUSB |
| Agencia que realiza la transcripción |
CO-MdFUSB |
| Agencia que realiza la modificación |
CO-MdFUSBC |
| Convenciones de la descripción |
rda |
| 041 ## - CÓDIGO DE IDIOMA |
| Código de idioma para texto/pista de sonido o título separado |
eng |
| 082 ## - NÚMERO DE CLASIFICACIÓN DECIMAL DEWEY |
| Número de la edición del Dewey |
23 |
| Número de clasificación |
248.2413 |
| Clave de autor-Numero de item |
M998 |
| 245 10 - TÍTULO |
| Título del Material |
Mysticism and spirituality in medieval England |
| Mención de responsabilidad, etc. |
/ editado por William F. Pollard , Robert Boenig |
| 264 #1 - PRODUCCIÓN, PUBLICACIÓN, DISTRIBUCIÓN, MANUFACTURA, Y COPYRIGHT |
| Lugar de producción, publicación, distribución, manufactura |
Cambridge, Inglaterra : |
| Nombre del productor, publicador, distribuidor |
D. S. Brewer, |
| Fecha de producción, publicación, distribución, manufactura, o copyright |
[1997] |
| 264 #4 - PRODUCCIÓN, PUBLICACIÓN, DISTRIBUCIÓN, MANUFACTURA, Y COPYRIGHT |
| Fecha de producción, publicación, distribución, manufactura, o copyright |
© 1997 |
| 300 ## - DESCRIPCIÓN FÍSICA |
| Extensión |
260 páginas |
| Dimensiones |
; 25 cm |
| 336 ## - TIPO DE CONTENIDO |
| Término de tipo de contenido |
texto |
| Código de tipo de contenido |
txt |
| Fuente |
rdacontent |
| 337 ## - TIPO DE MEDIO |
| Fuente |
rdamedia |
| Nombre del tipo de medio |
sin mediación |
| Código del tipo de medio |
n |
| 338 ## - TIPO DE SOPORTE |
| Fuente |
rdacarrier |
| Nombre del tipo de soporte |
volumen |
| Código Tipo de soporte |
nc |
| 505 ## - NOTA DE CONTENIDO |
| Nota de contenido con formato preestablecido |
Antecedentes: las contribuciones Anselmianas y Cistercienses / Thomas H. Bestul -Pseudo-Dionisio y la vía hacia Inglaterra / Robert Boenig - Deseos encerrados: un estudio del Grupo Wooing / Denis Renevey - La heroína solitaria: aspectos de la meditación y el misticismo en Ancrene Wisse, el Grupo Katherine y el Grupo Wooing / Anne Savage - Richard Rolle y el "ojo del corazón" / William F. Pollard - es un ciego loco": contemplación en La nube del desconocimiento y tratados relacionados / Ren Tixier - Julián de Norwich: todos son místicos / Ritamary Bradley - Una muestra de la gracia de Dios: El libro de Margery Kempe / Susan Dickman - Rolle entre los reformadores: ortodoxia y heterodoxia en copias de Wycliffite de Salterio de Richard Rolle / Michael P. Kuczynski - Letras místicas inglesas medievales / Douglas Gray - Más reflexiones sobre la espiritualidad de Syon Abbey / Roger Ellis. |
| 563 ## - NOTA DE ENCUADERNACIÓN |
| Nota de encuadernación |
Pasta dura |
| 650 #0 - ASIENTO SECUNDARIO DE MATERIA - TERMINO TEMÁTICO |
| 9 (RLIN) |
285 |
| Término temático o nombre geográfico como elemento de entrada |
Historia de la Iglesia |
| Subdivisión cronológica |
Inglaterra |
| Subdivisión geográfica |
(Edad Media), ca. 600-1500 |
| 653 ## - TÉRMINO DE INDIZACIÓN - NO CONTROLADO |
| Término no controlado |
Misticismo |
| 700 ## - ASIENTO SECUNDARIO - NOMBRE PERSONAL |
| 9 (RLIN) |
3781 |
| Nombre personal |
Pollard, William F. |
| Responsabilidad |
editor |
| 700 ## - ASIENTO SECUNDARIO - NOMBRE PERSONAL |
| 9 (RLIN) |
3782 |
| Nombre personal |
Boenig, Robert. |
| Responsabilidad |
editor |
| 942 ## - TIPO DE MATERIAL (KOHA) |
| Tipo de Item KOHA |
Libros General |
| 945 ## - INFORMACIÓN LOCAL DEL REGISTRO |
| Catalogador |
JTF-925 |